She stoops to kill : (Record no. 169432)

MARC details
000 -LEADER
fixed length control field 00560nam a22001817a 4500
005 - DATE AND TIME OF LATEST TRANSACTION
control field 20191119173311.0
010 ## - LCCN (DPL NO)
LC control number ENG-126929
020 ## - INTERNATIONAL STANDARD BOOK NUMBER
Terms of availability 350.00
International Standard Book Number 9789388874823
035 ## - SYSTEM CONTROL NUMBER
System control number EN-110461
037 ## - SOURCE OF ACQUISITION
Source of stock number/acquisition DBAD/PUB
082 ## - DEWEY DECIMAL CLASSIFICATION NUMBER
Classification number S
245 ## - TITLE STATEMENT
Title She stoops to kill :
Statement of responsibility, etc ed.by Preeti Gill
Remainder of title stories of crime and passion /
260 ## - PUBLICATION, DISTRIBUTION, ETC. (IMPRINT)
Place of publication, distribution, etc New Delhi
Name of publisher, distributor, etc Speaking Tiger Publishing
Date of publication, distribution, etc 2019
270 ## - ADDRESS
Address 4381/4, Ansari Road,
Postal code 110002
City Daryaganj,New Delhi
Electronic mail address contact@zubaanbooks.com
300 ## - PHYSICAL DESCRIPTION
Extent xvi;256p.
Dimensions 19cm(pbk)
700 ## - ADDED ENTRY--PERSONAL NAME
Personal name Gill, Preeti
942 ## - ADDED ENTRY ELEMENTS (KOHA)
Source of classification or shelving scheme Dewey Decimal Classification
Item type English Books
Classification part S
Call number suffix SHE
Holdings
Withdrawn status Lost status Not for loan Collection code Home library Current library Date acquired Source of acquisition Cost, normal purchase price Full call number Barcode Copy number Cost, replacement price Koha item type
      Fiction Central Library Central Library 19/11/2019 DBAD/PUB 550.00 S SHE EN-110461 1 550.00 English Books

© Delhi Public Library
Hit Counter
free hit counter